| 000 | 00580nam a2200205Ia 4500 | ||
|---|---|---|---|
| 005 | 20260429112012.0 | ||
| 008 | 260429s9999||||xx |||||||||||||| ||und|| | ||
| 020 | _a9781032774633 | ||
| 041 | _aEnglish | ||
| 082 |
_a378.2 _bHAL |
||
| 100 | _aHallett, Fiona | ||
| 245 | 0 |
_aDebates in doctoral education : _bchallenges and opportunities / _cFiona Hallett |
|
| 250 | _a1st ed. | ||
| 260 |
_aNew Delhi : _bRoutledge, _c2025. |
||
| 300 | _axiv, 215 p.; pbk | ||
| 650 | _a Higher education policy | ||
| 650 | _a Research education | ||
| 650 | _aDoctoral studies | ||
| 942 | _cTB | ||
| 999 |
_c51834 _d51834 |
||